| 000 | 00486nam a22001697a 4500 | ||
|---|---|---|---|
| 999 |
_c40731 _d40731 |
||
| 003 | OSt | ||
| 005 | 20200606120136.0 | ||
| 008 | 191031b ||||| |||| 00| 0 eng d | ||
| 020 | _a978818899507x | ||
| 040 | _cMESKC library | ||
| 082 |
_a891.4335 _bPRE/N |
||
| 100 | 0 |
_aPremacanda, _956 _d1881-1936 |
|
| 245 |
_aNirmala / _cPremchand |
||
| 260 |
_aNew Delhi : _bJnandeep Prakashan, _c2012 |
||
| 300 | _a144p | ||
| 942 |
_2ddc _cBK _h891.4335 _iPRE/N _k891.4335 _mPRE/N |
||